Guess the Fusion Rock Song Lyrics #68 - Statistics

General Stats
  • This quiz has been taken 10 times
  • The average score is 172 of 206
Answer Stats
Answer % Correct
a
100%
And
100%
could
100%
do
100%
I
100%
I'd
100%
If
100%
if
100%
take
100%
the
100%
to
100%
up
100%
Who
100%
you
100%
But
88%
by
88%
don't
88%
into
88%
Into
88%
is
88%
it
88%
just
88%
know
88%
Like
88%
like
88%
love
88%
my
88%
night
88%
of
88%
Oh
88%
they
88%
want
88%
what
88%
16
75%
all
75%
can't
75%
ever
75%
fly
75%
for
75%
her
75%
It's
75%
it's
75%
never
75%
nothing
75%
old
75%
She's
75%
show
75%
Where
75%
Yeah
75%
years
75%
you've
75%
again
63%
has
63%
heart
63%
pick
63%
say
63%
seen
63%
would
63%
alone
50%
Leave
50%
There's
50%
time
50%
dream
38%
fools
38%
Separated
38%
apart
25%
Benny Mardones
25%
compare
25%
end
25%
fall
25%
having
25%
measure
25%
nobody
25%
till
25%
true
25%
wait
25%
yet
25%
watching
13%
No matching quizzes found
Score Distribution
Percent of People with Each Score
Percentile by Number Answered
Your Score History
You have not taken this quiz